00490nam a22001577a 450000500170000001000150001702000300003203500140006203700090007608200140008510000180009924500570011726000340017427000860020830000380029420220120163852.0 aENG-131287 a978-93-90906-64-2c275.00 aEN-114819 bDBAD a348.54044 aAgrawal, P.K. aSupreme Court Judgments:cP.K. Agrawalb85 LANDMARK/ aNew DelhibPrabhat Examc2022 bNew Delhia4/19, Asaf Ali Roade110002k23289555, 23289666mprabhatbook@gmail.com avii, 262p.c21cm(pbk)bReferences